Words with 5 Consonants in a Row - Statistics

General Stats
  • This quiz has been taken 66 times
  • The average score is 6 of 10
Answer Stats
Hint First letter Answer % Correct
secondary school H highschool
87%
son or daughter O offspring
81%
place of birth B birthplace
79%
sorcery, enchantments W witchcraft
69%
place to go dancing N nightclub
63%
beetroot soup B borscht
60%
in front of you when you drive W windscreen
50%
sailor on a yacht Y yachtsman
48%
act of Germany annexing Austria A anschluss
44%
sometimes at the end of a letter P postscript
44%
No matching quizzes found
Score Distribution
Percent of People with Each Score
Percentile by Number Answered
Your Score History
You have not taken this quiz